000 00345nam a2200133Ia 4500
008 240624s9999 xx 000 0 und d
041 _aeng
082 _a658.5 VIS
100 _aVISCO DAVID
245 _a5S MADE EASY A STEP BY STEP GUIDE TO IMP
260 _c2016
_aLondon
_bCRC Press
300 _axi, , 92 , 28 : p. : cm.
365 _cGBP
_b30
999 _c26947
_d26947